| 000 | 00626nam a22001577a 4500 | ||
|---|---|---|---|
| 008 | 170817b xxu||||| |||| 00| 0 eng d | ||
| 082 |
_22016 _aUT 0868 _bJ56 |
||
| 100 |
_922227 _aJimenez, Lester John B. |
||
| 245 |
_aFarmers' Acceptability of Hybrid Rice Farming in Brgy. Ruparan Digos City/ _cLester John B. Jimenez, Johnicar P. Te Jr. and Joy Carballo. |
||
| 260 |
_aDigos City: _bUMDC _cJanuary 2016. |
||
| 300 |
_a66 pages; _c30 cm. |
||
| 650 | 0 |
_922228 _aBusiness Administration _vMarketing Management _xUndergraduate thesis. |
|
| 700 |
_922230 _aTe, Johnicar P., Jr. |
||
| 700 |
_922231 _aCarballo, Joy. |
||
| 942 |
_2ddc _cUT |
||
| 999 |
_c7313 _d7313 |
||